| 000 | 00619nab a2200217 a 4500 | ||
|---|---|---|---|
| 005 | 20210219161009.0 | ||
| 008 | 991125s1985 mx 000 0 spa u | ||
| 035 | _aUPN01000176854 | ||
| 100 | 1 | _aMuñoz Zamora, Graciela | |
| 222 | _aDOCENCIA : | ||
| 222 | _bHACIA UN MOVIMIENTO PEDAGOGICO NACIONAL | ||
| 245 | _a¿ Políticas pra democratizar la cultura escolar ? | ||
| 260 | _aSantiago, Chile | ||
| 300 | _a19-30 | ||
| 362 | 0 | _a2009 Año 14, no. 39, dic. | |
| 653 | 0 | _aDEMOCRACIA ESCOLAR | |
| 653 | 0 | _aSISTEMA EDUCATIVO | |
| 653 | 0 | _aCONSEJO ESCOLAR | |
| 653 | 0 | _aPOLITICA EDUCATIVA | |
| 905 | _aArticulo | ||
| 999 |
_c148957 _d148957 |
||